Early history of North India: from the fall of the Mauryas to the death of Harsa (Record no. 186725)

MARC details
000 -LEADER
fixed length control field 00442nam a2200157Ia 4500
008 - FIXED-LENGTH DATA ELEMENTS--GENERAL INFORMATION
fixed length control field 230917s9999||||xx |||||||||||||| ||und||
020 ## - ISBN
Price RS30
040 ## - CATALOGING SOURCE
-- 36522
Original cataloging agency VIVEKANANDA LIBRARY
041 ## - Language
-- English
082 ## - DDC NUMBER
Classification number 954.01 C392E
100 ## - MAIN ENTRY--PERSONAL NAME
Personal name Chattopadhyaya, Sudhakar
245 #0 - TITLE STATEMENT
Title Early history of North India: from the fall of the Mauryas to the death of Harsa
250 ## - EDITION STATEMENT
Edition statement 3rd ed.
260 ## - PUBLICATION, DISTRIBUTION, ETC. (IMPRINT)
Place of publication, distribution, etc Delhi
Name of publisher, distributor, etc Motilal Banarsidass
Date of publication, distribution, etc 1976
942 ## - ADDED ENTRY ELEMENTS (KOHA)
Koha item type Books
Holdings
Withdrawn status Lost status Damaged status Not for loan Location (home branch) Sublocation or collection (holding branch) Date acquired Koha issues (times borrowed) Koha full call number Accession No. Koha date last seen Koha item type
        VIVEKANANDA LIBRARY VIVEKANANDA LIBRARY 29/08/2002   954.01 C392E 42549 17/09/2023 Books
© Designed and Maintained by Vivekananda Library, MDU Rohtak